Αναγκαία η Δημιουργία μιας Εθνικής Κυβέρνησης / Τα Επιχειρηματικά Σχήματα της Θ.Ε.Α. (Record no. 9304)
[ view plain ]
| 000 -LEADER | |
|---|---|
| fixed length control field | 01313cam a22001814a 4500 |
| 005 - ΗΜΕΡΟΜΗΝΙΑ ΚΑΙ ΩΡΑ ΤΕΛΕΥΤΑΙΑΣ ΕΝΗΜΕΡΩΣΗΣ | |
| Πεδίο ελέγχου | 20250605164358.0 |
| 008 - FIXED-LENGTH DATA ELEMENTS--GENERAL INFORMATION | |
| Πεδίο ελέγχου σταθερού μήκους | 250528s ||||||||||||||||||||||||d |
| 035 ## - SYSTEM CONTROL NUMBER | |
| System control number | 24421 |
| 040 ## - ΠΗΓΗ ΚΑΤΑΛΟΓΟΓΡΑΦΗΣΗΣ | |
| Φορέας πρωτότυπης καταλογογράφησης | MC Athens Campus Library |
| Γλώσσα καταλογογράφησης | Ελληνικά, Μοντέρνα (1453-) |
| Modifying agency | MC Athens Campus Library |
| Κανόνες περιγραφικής καταλογογράφησης | AACR2 |
| 245 1# - ΤΙΤΛΟΣ ΚΑΙ ΔΗΛΩΣΗ ΥΠΕΥΘΥΝΟΤΗΤΑΣ | |
| Τίτλος | Αναγκαία η Δημιουργία μιας Εθνικής Κυβέρνησης / Τα Επιχειρηματικά Σχήματα της Θ.Ε.Α. |
| 260 ## - PUBLICATION, DISTRIBUTION, ETC. | |
| Name of publisher, distributor, etc. | Εμπορικό Και Βιομηχανικό Επιμελητήριο Αθηνών, |
| Date of publication, distribution, etc. | 2015 |
| 300 ## - PHYSICAL DESCRIPTION | |
| Extent | 64 |
| 520 ## - SUMMARY, ETC. | |
| Summary, etc. | Τα Επιχειρηματικά Σχήματα της Θ.Ε.Α., Για να Βγούμε από την Κρίση Χρειάζεται Συλλογική Ανάληψη Ευθυνών, Οδεύοντας προς μια Ακόμα Κρίσιμη Εκλογική Αναμέτρηση, Σε Ποιούς Επιχειρηματικούς Κλάδους Φέρνει Ανατροπές το Νέο Μνημόνιο, Η Νέα Πτωχευτική Διαδικασία, Εφικτή η Άρση των Capital Controls στα Τέλη του 2015, Αναποτελεσματικές Παραγωγικές Δομές και Μνημόνια. |
| 700 1# - ΠΡΟΣΘΕΤΗ ΑΝΑΓΡΑΦΗ--ΦΥΣΙΚΟ ΠΡΟΣΩΠΟ | |
| Personal name | Μίχαλος Κωνσταντίνος |
| 9 (RLIN) | 4319 |
| 942 ## - ADDED ENTRY ELEMENTS (KOHA) | |
| Koha item type | Περιοδικά Δημοσιεύματα |
| Τύπος τεκμηρίου | Βιβλιοθήκη | Τρέχουσα τοποθεσία | Barcode | Ημερομηνία απόκτησης | Ταξιθετικό σύμβολο | Αριθμός αντιτύπου | Αρίθμηση σειρών / χρονολογία | Κατάσταση απόσυρσης | Κατάσταση χαμένου | Κατάσταση κατεστραμμένου | Μη δανεισμός | Σύνολο δανεισμών | Ημερομηνία τελευταίας εμφάνισης | Η τιμή ισχύει από |
|---|---|---|---|---|---|---|---|---|---|---|---|---|---|---|
| Περιοδικά Δημοσιεύματα | MC Athens Campus Library | MC Athens Campus Library | 9780000093035 | 05/06/2025 | ΚΑΙΝΟΤΟΜΙΑ ΑΝΑΠΤΥΞΗ | 1 | 8 | 05/06/2025 | 05/06/2025 |